000 00745nim a2200229 i 4500
001 bgj
100 1 _aBURGESS, Sally
245 1 0 _aGoing for Gold :
_bintermediate plus : matura maximiser /
_cSally Burgess ; with Richard Acklam and Araminta Crace ; zadania maturalne: Hanna Mrozowska.
260 _aHarlow, Essex :
_bLongman,
_cc. 2005.
300 _acompact disc.
650 9 _aEnglish language
_xIntermediate
_xMatura
655 _aExercises, questions
700 1 _aACKLAM, Richard.
_eco-author
700 1 _aCRACE, Araminta.
_eco-author
700 1 _aMROZOWSKA, Hanna.
_eco-author
020 _a1405808993
040 _cBPK
041 0 _aeng
920 _a1-405-80899-3
942 _cCD
008 s uk f |000 0 eng
999 _c41219
_d41219
856 _uhttp://koha.tu.koszalin.pl/cgi-bin/koha/opac-detail.pl?biblionumber=41219
_yKatalog online BPK